|
|
|
|
| LEADER |
01590nam a2200445Ia 4500 |
| 001 |
EBC298874 |
| 003 |
MiAaPQ |
| 005 |
20200520144314.0 |
| 006 |
m o d | |
| 007 |
cr cn||||||||| |
| 008 |
050419s2005 pau sb 001 0 eng d |
| 010 |
|
|
|z 2005044023
|
| 020 |
|
|
|z 159213114X
|
| 020 |
|
|
|z 1592131123 (cloth : alk. paper)
|
| 020 |
|
|
|z 1592131131 (pbk. : alk. paper)
|
| 035 |
|
|
|a (MiAaPQ)EBC298874
|
| 035 |
|
|
|a (Au-PeEL)EBL298874
|
| 035 |
|
|
|a (CaPaEBR)ebr10180170
|
| 035 |
|
|
|a (CaONFJC)MIL109385
|
| 035 |
|
|
|a (OCoLC)476074946
|
| 040 |
|
|
|a MiAaPQ
|c MiAaPQ
|d MiAaPQ
|
| 050 |
|
4 |
|a HD4904
|b .G82 2005
|
| 082 |
0 |
4 |
|a 331/.01
|2 22
|
| 100 |
1 |
|
|a Gulli, Bruno,
|d 1959-
|
| 245 |
1 |
0 |
|a Labor of fire
|h [electronic resource] :
|b the ontology of labor between economy and culture /
|c Bruno Gulli.
|
| 246 |
3 |
0 |
|a Ontology of labor between economy and culture
|
| 260 |
|
|
|a Philadelphia, PA :
|b Temple University Press,
|c 2005.
|
| 300 |
|
|
|a 214 p.
|
| 490 |
1 |
|
|a Labor in crisis
|
| 504 |
|
|
|a Includes bibliographical references (p. [205]-210) and index.
|
| 533 |
|
|
|a Electronic reproduction. Ann Arbor, MI : ProQuest, 2015. Available via World Wide Web. Access may be limited to ProQuest affiliated libraries.
|
| 650 |
|
0 |
|a Labor
|x Philosophy.
|
| 650 |
|
0 |
|a Work
|x Philosophy.
|
| 650 |
|
0 |
|a Marxian economics.
|
| 650 |
|
0 |
|a Capitalism.
|
| 650 |
|
0 |
|a Economics
|x Philosophy.
|
| 655 |
|
4 |
|a Electronic books.
|
| 710 |
2 |
|
|a ProQuest (Firm)
|
| 830 |
|
0 |
|a Labor in crisis.
|
| 856 |
4 |
0 |
|u https://ebookcentral.proquest.com/lib/matrademy/detail.action?docID=298874
|z Click to View
|